000 00898nam a2200337 a 4500
003 AR-BaBNM
005 20251128204233.0
008 082120s2002 ||||||||||||||000 | spa||
020 _a84-206-8131-8
040 _cAR-BaBNM
100 1 _aChick, Victoria
245 0 0 _aLa macroeconomía según Keynes
_buna revisión de la teoría general
260 _aMadrid
_bAlianza Editorial
_c1990
300 _a412 p.
_bgráfs.
490 0 _aAlianza Universidad Textos
_vv. 131
650 4 _aMANO DE OBRA
650 4 _aMACROECONOMIA
650 4 _aTEORIA ECONOMICA
650 4 _aPOLITICA ECONOMICA
650 4 _aRENTA DEL CAPITAL
650 4 _aAHORRO
650 4 _aINVERSION
650 4 _aINTERES
650 4 _aFINANCIACION
650 4 _aPRECIOS
650 4 _aPRODUCCION
650 4 _aFLUCTUACIONES ECONOMICAS
700 1 _aSáez, Méndez
_etraductor
942 _cBK
998 _cCarmen
999 _c6659
_d6659